عرض عادي عرض مارك
  • Dobson, Annette J.,

مدخل إسم شخص

عدد التسجيلات المستخدمة في: 1

001 - رقم الضبط

  • حقل الضبط: 4664

003 - معرف رقم الضبط

  • حقل الضبط: OSt

005 - تاريخ ووقت أخر عملية

  • حقل الضبط: 20110920184321.0

008 - عناصر بيانات ثابتة الطول

  • حقل تحكم ثابت الطول: 110920|||a|||||| | ||| d

040 ## - مصدر الفهرسة

  • هيئة الفهرسة الأصلية: OSt
  • وكالة الكتابة: OSt

100 ## - مدخل -- أسم شخص

  • إسم شخص: Dobson, Annette J.,
  • تواريخ مرتبطة بالاسم: 1945-

670 ## - بيانات المصدر موجوده

  • الاستشهاد بالمصدر: Work cat.: (OSt)886: Dobson, Annette J., 1945-, An introduction to generalized linear models /, c2002.